000
00294nam a2200109Ia 4500
008
220214s9999 xx 000 0 und d
245
0
_a
Chemical week
260
_b
McGraw Hill Inc
_a
New York
500
_a
Ending Volume & Year: 102, 1968
500
_a
Starting Volume & Year: 99, 1966
942
_c
BJ
999
_c
3512
_d
3512